Mechanics of Materials / (Record no. 1588)
[ view plain ]
| 000 -LEADER | |
|---|---|
| fixed length control field | 01198nac a22003011u 4500 |
| 008 - FIXED-LENGTH DATA ELEMENTS--GENERAL INFORMATION | |
| fixed length control field | 110630s2004 cau|||||r|||| 001 0 eng d |
| 010 ## - LIBRARY OF CONGRESS CONTROL NUMBER | |
| LC control number | 2003113085 |
| 020 ## - INTERNATIONAL STANDARD BOOK NUMBER | |
| International Standard Book Number | 0534417930 |
| 020 ## - INTERNATIONAL STANDARD BOOK NUMBER | |
| International Standard Book Number | 9780534417932 |
| 035 ## - SYSTEM CONTROL NUMBER | |
| System control number | (CStRLIN)MNUGA004347622-B |
| 035 ## - SYSTEM CONTROL NUMBER | |
| System control number | (MnU)004347622 |
| 082 04 - DEWEY DECIMAL CLASSIFICATION NUMBER | |
| Classification number | 620.1123 |
| Item number | GER |
| Edition number | 22 |
| 100 ## - MAIN ENTRY--PERSONAL NAME | |
| 9 (RLIN) | 26026 |
| Personal name | Gere, James M. |
| 245 10 - TITLE STATEMENT | |
| Title | Mechanics of Materials / |
| Statement of responsibility, etc | James M. Gere. |
| 250 ## - EDITION STATEMENT | |
| Edition statement | 6th ed. |
| 260 ## - PUBLICATION, DISTRIBUTION, ETC. (IMPRINT) | |
| Place of publication, distribution, etc | Belmont, CA : |
| Name of publisher, distributor, etc | Brooks/Cole-Thomas Learning, 2004 |
| Date of publication, distribution, etc | c2004. |
| 300 ## - PHYSICAL DESCRIPTION | |
| Extent | xx, 940 p. : |
| Other physical details | ill. ; |
| Dimensions | 24 cm. + |
| Accompanying material | 1 CD-ROM (4 3/4 in.) |
| 504 ## - BIBLIOGRAPHY, ETC. NOTE | |
| Bibliography, etc | Includes bibliographical references and index. |
| 538 ## - SYSTEM DETAILS NOTE | |
| System details note | System requirements for accompanying CD-ROM: Windows 98 or above; Pentium II 200 mhz, 32 meg of RAM min.; CD ROM 4 x min.; video 800 x 600. |
| 650 #0 - SUBJECT ADDED ENTRY--TOPICAL TERM | |
| Topical term or geographic name as entry element | Materials. |
| 9 (RLIN) | 26027 |
| 650 #0 - SUBJECT ADDED ENTRY--TOPICAL TERM | |
| Topical term or geographic name as entry element | Mechanics, Applied. |
| 9 (RLIN) | 26028 |
| 650 #0 - SUBJECT ADDED ENTRY--TOPICAL TERM | |
| Topical term or geographic name as entry element | Strength of materials. |
| 9 (RLIN) | 26029 |
| 650 #0 - SUBJECT ADDED ENTRY--TOPICAL TERM | |
| Topical term or geographic name as entry element | Materials |
| Form subdivision | Problems, exercises, etc. |
| 9 (RLIN) | 26030 |
| 650 #0 - SUBJECT ADDED ENTRY--TOPICAL TERM | |
| Topical term or geographic name as entry element | Strength of materials |
| Form subdivision | Problems, exercises, etc. |
| 9 (RLIN) | 26031 |
| 653 ## - INDEX TERM--UNCONTROLLED | |
| Resource For college | |
| 856 41 - ELECTRONIC LOCATION AND ACCESS | |
| Materials specified | Table of contents only |
| Uniform Resource Identifier | <a href="http://www.loc.gov/catdir/toc/fy0611/2003113085.html">http://www.loc.gov/catdir/toc/fy0611/2003113085.html</a> |
| 942 ## - ADDED ENTRY ELEMENTS (KOHA) | |
| Item type | Book - Borrowing |
| Call number prefix | 620.1123 GER |
| Source of classification or shelving scheme | Dewey Decimal Classification |
| Withdrawn status | Item status | Damaged status | Not for loan | Home library | Current library | Shelving location | Date acquired | Source of acquisition | Total Checkouts | Total Renewals | Full call number | Barcode | Date last seen | Date last borrowed | Koha item type | Source of classification or shelving scheme | Vendor |
|---|---|---|---|---|---|---|---|---|---|---|---|---|---|---|---|---|---|
| Central Library | Central Library | First floor | 06/11/2007 | Purchase | 14 | 32 | 620.1123 GER | 000002761 | 15/07/2025 | 05/04/2018 | Book - Borrowing | ||||||
| Central Library | Central Library | First floor | 30/06/2011 | 620.1123 GER | 000007516 | 24/08/2022 | CD | DVD - With book | Dewey Decimal Classification |